Hotel Vendomes (Record no. 4180)

MARC details
000 -LEADER
fixed length control field 00372nam a22001457a 4500
008 - FIXED-LENGTH DATA ELEMENTS--GENERAL INFORMATION
fixed length control field 250708b |||||||| |||| 00| 0 eng d
020 ## - INTERNATIONAL STANDARD BOOK NUMBER
ISBN 9780593063095
100 ## - MAIN ENTRY--AUTHOR
Author Steel Danielle
245 ## - TITLE STATEMENT
Title Hotel Vendomes
260 ## - PUBLICATION, DISTRIBUTION, ETC. (IMPRINT)
Place of publication New York
Name of publisher Bantam Press
Date of publication 2011
300 ## - COLLATION
Pagination 323p.
650 ## - TRACINGS
Main Subject Fathers and daughter-fiction
942 ## - ADDED ENTRY ELEMENTS (KOHA)
Item type Books
050 ## - LIBRARY OF CONGRESS CALL NUMBER
Classification number PS 3569.T33828
Item number .S77
Holdings
Source of classification or shelving scheme Not for loan Permanent location Current location Date acquired Accession No. Full call number Barcode. Koha item type
Library of Congress Classification   Samuel Ogbemudia Main Library, University of Abuja Samuel Ogbemudia Main Library, University of Abuja 07/08/2025 2025/64485 PS 3569.T33828 .S77 2025-2926 Books